000 00408nam a2200145 i 4500
001 97601
003 ES-MaACL
005 20230906182129.0
007 t|
008 050714s1972 sp ||||1| spa d
245 0 0 _aMaría en la espiritualidad de la Iglesia /
_cSociedad Mariológica Española.
260 _aMadrid :
_bCoculsa,
_c1972.
300 _a304 p. ;
_c23 cm.
852 _aES-MaACL
_jC-43697
_bR.83189
999 _c97601
_d97601